| 000 | 00703nam a22001337a 4500 | ||
|---|---|---|---|
| 040 | _cRUA | ||
| 082 | _aRUB KHO 2015 B514 Or.1 | ||
| 100 | _aKHORN RAVY; ខន រ៉ាវី | ||
| 245 | _aGrowth on rubber clones pb 217, rrim 2002, pr 300 and gt 1 at block 711 abcd of sopheak nika investment group co., ltd, ការលូតលាស់ក្លូនកៅស៊ូ PR 217, RRIM 2002, PR 300 និង GT 1 នៅឡូតិ៍៧.១១ ABCD នៃក្រុមហ៊ុន សុភក្តិនីកា អ៊ីនវេសមេនគ្រុប ខូ., អិលធីឌី | ||
| 260 |
_aRUA _bKHO _c2015 |
||
| 300 |
_axii,36p. _bill. _c29cm. |
||
| 856 | _u KHORN RAVY | ||
| 942 | _cRUB | ||
| 999 |
_c9122 _d9122 |
||